00773nam a2200217 a 4500001001000000003000900010005001700019007001000036008004100046040002200087100004800109245013300157260004900290300002700339490002200366500004200388504005200430650003100482700003100513830001100544000008353DO-SdBNP20171107094915.0000008353090916t1992 dr ad 001 0 spa d aBPMSUbspacBPMSU1 aRodríguez Rodríguez, Víctor Melitón13aEl trabajo en equipo en la administración moderna /cVíctor Melitón Rodríguez Rodríguez; prólogo Frank A. Friedheim. aSanto Domingo :bBiblioteca Nacional,c1992. a98 p. :bil. ;c23 cm.0 aOrfeo (2ª etapa) aIncluye notas al pie de las páginas aIncluye referencias bibliográficas (95-98 p.) 4aADMINISTRACION DE PERSONAL1 aFriedheim, Frank,dpról. pOrfeo